000 01074cab a2200265 4500
001 WB3506-05
008 090401t1999 xxu||||| |||| 00| 0 eng d
035 _a(Sirsi) u91242
041 _aeng
245 _aFears over `privity of contract`
260 _c1999
350 _a0
490 _aBuilding
_v264 (8073) 5 February 1999, 16(1)
520 _aThe Construction Industry Council (CIC) is hoping to get an exemption for construction contracts from the Construction (Rights of Third Parties) Bill which could be in force by the autumn. They fear that third parties would have to give their consent to variations in contracts which could be `unworkable`.
650 _aCIC
650 _aHOUSING GRANTS, CONSTRUCTION AND REGENERATION ACT 1996
650 _aBUILT ENVIRONMENT-BUILDING CONTRACT FORMS
650 _aCONSTRUCTION INDUSTRY COUNCIL
650 _aCONTRACTS (RIGHTS OF THIRD PARTIES) BILL
650 _aPRIVITY OF CONTRACT
650 _aSUBCONTRACTORS
690 _aBUILT ENVIRONMENT-BUILDING CONTRACT FORMS
942 _n0
948 _c11/02/1999
999 _c57896
_d57896